|
|
|
|
| LEADER |
01486nam a2200397 a 4500 |
| 001 |
001114155 |
| 003 |
CZ BrMZK |
| 005 |
20100923104011.0 |
| 007 |
ta |
| 008 |
100907s2010 ja ac e c 000 0cjpn |
| 020 |
|
|
|q (Brož.)
|
| 040 |
|
|
|a BOA001
|b cze
|
| 041 |
1 |
|
|a jpn
|a eng
|h cze
|h jpn
|
| 043 |
|
|
|a e-xr---
|
| 045 |
|
|
|a x-y-
|a x8y0
|
| 072 |
|
7 |
|a 77
|x Fotografie. Fotografické postupy
|2 Konspekt
|9 21
|
| 080 |
|
|
|a 77.04
|2 MRF
|
| 080 |
|
|
|a (437.3)
|2 MRF
|
| 080 |
|
|
|a (083.824)
|2 MRF
|
| 245 |
0 |
0 |
|a Darknesses for light :
|b Czech photography today : [June 19, 2010 - August 8, 2010 Shiseido gallery]
|
| 246 |
3 |
0 |
|a Czech photography today
|
| 260 |
|
|
|a Tokyo :
|b Shiseido Corporate Culture Department,
|c 2010
|
| 300 |
|
|
|a [110] s. :
|b il. (některé barev.), portréty ;
|c 22 x 29 cm
|
| 500 |
|
|
|a Část. přeloženo z češtiny a japonštiny
|
| 500 |
|
|
|a Popsáno podle: anglického textu
|
| 500 |
|
|
|a Životopisná data, přehled výstav a zastoupení ve sbírkách
|
| 546 |
|
|
|a Souběžný japonský a anglický text
|
| 648 |
|
7 |
|a 20.-21. století
|7 ch462155
|2 czenas
|
| 648 |
|
4 |
|a 1980-2009
|
| 650 |
0 |
7 |
|a umělecká fotografie
|7 ph126879
|z Česko
|y 20.-21. stol.
|2 czenas
|
| 655 |
|
7 |
|a katalogy výstav
|7 fd132536
|2 czenas
|
| 710 |
2 |
|
|a Shiseidō (Tokio, Japonsko).
|b Gyararī
|7 mzk2010598005
|
| 910 |
2 |
|
|a BOA001
|b 4-1249.099
|
| 990 |
|
|
|a BK
|
| 991 |
|
|
|b 201009
|c NOV
|e n
|
| 996 |
6 |
|
|b 2610447633
|c 4-1249.099
|l MZK
|r Sklad / do 1 hodiny
|n 0
|p p.v.
|w 001143067
|u 000010
|a 1
|e BOA001
|j MZK50
|s P
|